Probability and statistics / (Record no. 6841)
[ view plain ]
| 000 -LEADER | |
|---|---|
| fixed length control field | 00644nam a22002177a 4500 |
| 003 - CONTROL NUMBER IDENTIFIER | |
| control field | OSt |
| 005 - DATE AND TIME OF LATEST TRANSACTION | |
| control field | 20210327105043.0 |
| 008 - FIXED-LENGTH DATA ELEMENTS--GENERAL INFORMATION | |
| fixed length control field | 210327b ||||| |||| 00| 0 eng d |
| 040 ## - CATALOGING SOURCE | |
| Transcribing agency | DLC |
| 082 ## - DEWEY DECIMAL CLASSIFICATION NUMBER | |
| Classification number | 519 MOS 1961 |
| 100 ## - MAIN ENTRY--PERSONAL NAME | |
| Personal name | Mosteller, Frederick |
| 9 (RLIN) | 14022 |
| 245 ## - TITLE STATEMENT | |
| Title | Probability and statistics / |
| Statement of responsibility, etc. | Frederick Mosteller, Robert E.K Rorke, George B. Thomas Jr. |
| 260 ## - PUBLICATION, DISTRIBUTION, ETC. (IMPRINT) | |
| Place of publication, distribution, etc. | Massachusetts |
| Name of publisher, distributor, etc. | Addison-Wesley |
| Date of publication, distribution, etc. | 1961 |
| 300 ## - PHYSICAL DESCRIPTION | |
| Extent | xiii, 395p; |
| Other physical details | ill : |
| Dimensions | 22cm |
| 504 ## - BIBLIOGRAPHY, ETC. NOTE | |
| Bibliography, etc | Includes index |
| 654 ## - SUBJECT ADDED ENTRY--FACETED TOPICAL TERM | |
| Source of term | Probability |
| 655 ## - INDEX TERM--GENRE/FORM | |
| Source of term | Statistics |
| 700 ## - ADDED ENTRY--PERSONAL NAME | |
| Personal name | Rourke, Robert E. K |
| 9 (RLIN) | 14023 |
| 700 ## - ADDED ENTRY--PERSONAL NAME | |
| Personal name | Thomas Jr. George B |
| 9 (RLIN) | 14024 |
| 942 ## - ADDED ENTRY ELEMENTS (KOHA) | |
| Source of classification or shelving scheme | Dewey Decimal Classification |
| Koha item type | Open Shelf |
| Withdrawn status | Lost status | Source of classification or shelving scheme | Damaged status | Not for loan | Home library | Current library | Date acquired | Source of acquisition | Inventory number | Total Checkouts | Full call number | Barcode | Date last seen | Date last checked out | Price effective from | Koha item type |
|---|---|---|---|---|---|---|---|---|---|---|---|---|---|---|---|---|
| Dewey Decimal Classification | MUST Main Library | MUST Main Library | 27/03/2021 | Donation | 2000/14151 | 2 | 519 MOS 1961 | 2021-0335 | 17/03/2022 | 02/03/2022 | 27/03/2021 | Open Shelf |
